Trh bydlení a místo stropu most?
Analýza súčasného stavu ponuky a dopytu v oblasti bytových jednotiek v ČR. Vývoj úrovne bývania a reprodukcia bytového fondu v ČR v r. 1961-1991. Rovnováha trhu a cena obytných objektov. Zdroje zvyšovania ponuky.
Guardado en:
| Autor principal: | |
|---|---|
| Formato: | Capítulo de libro |
| Lenguaje: | checo |
| Materias: | |
| Etiquetas: |
Sin Etiquetas, Sea el primero en etiquetar este registro!
|
MARC
| LEADER | 00000naa a2200000 4500 | ||
|---|---|---|---|
| 001 | r011396 | ||
| 005 | 20220826094913.1 | ||
| 041 | 0 | |a cze | |
| 044 | |a [CS] | ||
| 245 | 1 | 0 | |a Trh bydlení a místo stropu most? |c J. Ferenc |
| 520 | |a Analýza súčasného stavu ponuky a dopytu v oblasti bytových jednotiek v ČR. Vývoj úrovne bývania a reprodukcia bytového fondu v ČR v r. 1961-1991. Rovnováha trhu a cena obytných objektov. Zdroje zvyšovania ponuky. | ||
| 610 | 2 | 0 | |a byty |
| 610 | 2 | 0 | |a bývanie |
| 610 | 2 | 0 | |a fond bytový |
| 610 | 2 | 0 | |a ponuka |
| 610 | 2 | 0 | |a dopyt |
| 610 | 2 | 0 | |a Čechy |
| 610 | 2 | 0 | |a 1961-1991 |
| 610 | 2 | 0 | |a 1992 |
| 610 | 2 | 0 | |a údaje štatistické |
| 100 | 1 | |a Ferenc, J. | |